000
00285nam a2200121 a 4500
008
100917s1969|||| d
245
1
0
_a
Môj kolega čarodejník
100
1
_a
Dziewanowski, K.
044
_a
xo
_c
SK
260
_b
Epocha
_a
Bratislava
_c
1969
020
_c
15
041
_a
slo
999
_c
10473
_d
10473